| 000 | 00675nam a2200241Ia 4500 | ||
|---|---|---|---|
| 003 | OSt | ||
| 005 | 20220925185839.0 | ||
| 006 | a|||||r|||| 00| 0 | ||
| 007 | ta | ||
| 008 | 220923b |||||||| |||| 00| 0 eng d | ||
| 020 | _a9788131514088 | ||
| 037 | _cGeneral Book | ||
| 040 |
_aRTL _cRTL _beng |
||
| 041 |
_2eng _aeng |
||
| 082 | _aX:71, P8 | ||
| 100 |
_aSNYDER Christopher _9236070 |
||
| 245 | 0 | _aFundamentals of microeconomics | |
| 260 |
_aAustralia _bCengage Learning _c2008 |
||
| 300 |
_a683p _ccm. |
||
| 700 |
_a NICHOLSON Walter _9236071 |
||
| 942 |
_hX:71, P8 _cGB _2CC |
||
| 999 |
_c512431 _d512431 |
||